[Event "wyco2016"]
[Site "?"]
[Date "2016.07.23"]
[Round "2.10"]
[White "Yurovskich, Oleksandr"]
[Black "Ivic, Velimir"]
[Result "1-0"]
[BlackElo "2315"]
[WhiteElo "2167"]
[LiveChessVersion "1.4.6"]

1. d4 {[%clk 1:30:57]} Nf6 {[%clk 1:30:53]} 2. c4 {[%clk 1:31:07]} g6
{[%clk 1:31:19]} 3. Nc3 {[%clk 1:31:33]} Bg7 {[%clk 1:31:46]} 4. e4
{[%clk 1:31:59]} d6 {[%clk 1:32:12]} 5. Be2 {[%clk 1:32:20]} O-O {[%clk 1:32:36]}
6. Nf3 {[%clk 1:32:48]} e5 {[%clk 1:32:57]} 7. Be3 {[%clk 1:33:11]} exd4
{[%clk 1:33:14]} 8. Nxd4 {[%clk 1:33:35]} Re8 {[%clk 1:33:42]} 9. f3
{[%clk 1:33:53]} c6 {[%clk 1:34:07]} 10. Bf2 {[%clk 1:34:02]} d5 {[%clk 1:34:18]}
11. exd5 {[%clk 1:34:27]} cxd5 {[%clk 1:34:44]} 12. O-O {[%clk 1:34:50]} Nc6
{[%clk 1:35:09]} 13. c5 {[%clk 1:31:14]} Bf8 {[%clk 1:35:31]} 14. Nb3
{[%clk 1:25:23]} Nh5 {[%clk 1:22:31]} 15. Qd2 {[%clk 1:24:30]} Be6
{[%clk 1:16:28]} 16. Rad1 {[%clk 1:23:07]} Qf6 {[%clk 1:16:00]} 17. Bb5
{[%clk 1:07:10]} a6 {[%clk 1:08:22]} 18. Bxc6 {[%clk 1:07:07]} bxc6
{[%clk 1:08:41]} 19. Bd4 {[%clk 1:06:17]} Qd8 {[%clk 1:06:18]} 20. Rfe1
{[%clk 1:04:13]} Ng7 {[%clk 1:06:18]} 21. Bf2 {[%clk 1:03:51]} Nf5
{[%clk 1:04:58]} 22. Nd4 {[%clk 1:03:14]} Bh6 {[%clk 1:04:08]} 23. Qc2
{[%clk 1:01:14]} Nxd4 {[%clk 0:48:00]} 24. Bxd4 {[%clk 1:01:01]} Rb8
{[%clk 0:40:55]} 25. Na4 {[%clk 0:58:35]} Qa5 {[%clk 0:32:29]} 26. b3
{[%clk 0:51:31]} Bf5 {[%clk 0:30:48]} 27. Qf2 {[%clk 0:50:55]} Bg7
{[%clk 0:28:51]} 28. Bxg7 {[%clk 0:50:30]} Kxg7 {[%clk 0:29:13]} 29. Qd4+
{[%clk 0:50:41]} Kg8 {[%clk 0:29:24]} 30. Kf2 {[%clk 0:50:54]} Qc7
{[%clk 0:14:18]} 31. g3 {[%clk 0:50:20]} Re6 {[%clk 0:12:18]} 32. Rxe6
{[%clk 0:48:28]} Bxe6 {[%clk 0:12:46]} 33. Re1 {[%clk 0:47:42]} Re8
{[%clk 0:11:48]} 34. h4 {[%clk 0:45:12]} h5 {[%clk 0:12:01]} 35. Re2
{[%clk 0:42:09]} Bd7 {[%clk 0:06:47]} 36. Rxe8+ {[%clk 0:40:08]} Bxe8
{[%clk 0:07:16]} 37. Nb6 {[%clk 0:40:24]} Bd7 {[%clk 0:05:45]} 38. f4
{[%clk 0:31:39]} Bf5 {[%clk 0:04:50]} 39. Qf6 {[%clk 0:30:41]} Be6
{[%clk 0:04:20]} 40. b4 {[%clk 0:28:58]} Qb8 {[%clk 0:03:48]} 41. Qe7
{[%clk 0:27:48]} Qf8 {[%clk 0:03:37]} 42. Qd6 {[%clk 0:22:03]} Qg7
{[%clk 0:03:14]} 43. Qe5 {[%clk 0:22:27]} Qxe5 {[%clk 0:03:40]} 44. fxe5
{[%clk 0:22:52]} Kf8 {[%clk 0:03:26]} 45. Ke3 {[%clk 0:22:50]} Ke7
{[%clk 0:02:52]} 46. Na4 {[%clk 0:22:51]} d4+ {[%clk 0:01:58]} 47. Kxd4
{[%clk 0:23:09]} Bxa2 {[%clk 0:02:25]} 48. Nc3 {[%clk 0:22:58]} Be6
{[%clk 0:02:41]} 49. Ne4 {[%clk 0:17:45]} Bd5 {[%clk 0:02:34]} 50. Ng5
{[%clk 0:17:53]} Bg2 {[%clk 0:02:41]} 51. Ke3 {[%clk 0:17:06]} Bd5
{[%clk 0:01:36]} 52. Kf4 {[%clk 0:17:07]} Be6 {[%clk 0:02:05]} 53. Nf3
{[%clk 0:17:19]} Bd5 {[%clk 0:00:38]} 54. Nd4 {[%clk 0:17:45]} Kf8
{[%clk 0:00:37]} 55. g4 {[%clk 0:16:53]} hxg4 {[%clk 0:00:39]} 56. Kxg4
{[%clk 0:17:18]} Ke7 {[%clk 0:00:35]} 57. Kg5 {[%clk 0:17:05]} Be4
{[%clk 0:00:41]} 58. Kf4 {[%clk 0:10:22]} Bd5 {[%clk 0:00:57]} 59. Ke3
{[%clk 0:08:50]} Bg2 {[%clk 0:00:55]} 60. Ne2 {[%clk 0:08:49]} Bd5
{[%clk 0:00:44]} 61. Nf4 {[%clk 0:08:52]} Bc4 {[%clk 0:00:37]} 62. Kf3
{[%clk 0:07:33]} Be6 {[%clk 0:00:47]} 63. Kg3 {[%clk 0:07:36]} Bf5
{[%clk 0:00:49]} 64. h5 {[%clk 0:02:05]} gxh5 {[%clk 0:00:40]} 65. Nxh5
{[%clk 0:02:29]} Ke6 {[%clk 0:00:43]} 66. Kf4 {[%clk 0:02:29]} Bg6
{[%clk 0:00:43]} 67. Nf6 {[%clk 0:03:10]} Ke7 {[%clk 0:00:36]} 68. Ke3
{[%clk 0:03:27]} Bf5 {[%clk 0:00:37]} 69. Kd4 {[%clk 0:03:38]} Bh3
{[%clk 0:00:34]} 70. Ne4 {[%clk 0:03:47]} Bg2 {[%clk 0:00:41]} 71. Ng5
{[%clk 0:03:10]} f6 {[%clk 0:00:38]} 72. Nh7 {[%clk 0:03:34]} fxe5+
{[%clk 0:00:53]} 73. Kxe5 {[%clk 0:04:01]} Bd5 {[%clk 0:00:59]} 74. Ng5
{[%clk 0:04:25]} Bc4 {[%clk 0:00:48]} 75. Nf3 {[%clk 0:04:46]} Be6
{[%clk 0:00:44]} 76. Nd4 {[%clk 0:05:10]} Bd7 {[%clk 0:01:09]} 77. Ne2
{[%clk 0:04:33]} Be6 {[%clk 0:01:25]} 78. Nc3 {[%clk 0:04:40]} Bb3
{[%clk 0:01:24]} 79. Ne4 {[%clk 0:05:06]} Bc2 {[%clk 0:01:13]} 80. Nd6
{[%clk 0:05:02]} Bd3 {[%clk 0:01:28]} 81. Kd4 {[%clk 0:04:24]} Bg6
{[%clk 0:01:10]} 82. Kc3 {[%clk 0:04:09]} Ke6 {[%clk 0:01:09]} 83. Kb3
{[%clk 0:03:51]} Bd3 {[%clk 0:00:42]} 84. Ka4 {[%clk 0:03:03]} Kd5
{[%clk 0:00:39]} 85. Ka5 {[%clk 0:03:17]} Kd4 {[%clk 0:00:50]} 86. Ne8
{[%clk 0:03:34]} Kc4 {[%clk 0:00:34]} 87. Nc7 {[%clk 0:03:54]} Bf5
{[%clk 0:00:33]} 88. Nxa6 {[%clk 0:04:09]} Bd7 {[%clk 0:00:37]} 89. Nc7
{[%clk 0:04:14]} Kb3 {[%clk 0:00:45]} 90. Na6 {[%clk 0:04:07]} Kc4
{[%clk 0:00:38]} 91. Nc7 {[%clk 0:03:33]} Kb3 {[%clk 0:00:59]} 92. Na8
{[%clk 0:03:50]} Kc3 {[%clk 0:00:39]} 93. Nb6 {[%clk 0:03:46]} Bf5
{[%clk 0:00:31]} 94. Ka4 {[%clk 0:03:57]} Bc2+ {[%clk 0:00:42]} 95. Ka3
{[%clk 0:04:20]} Bd1 {[%clk 0:00:37]} 96. Na4+ {[%clk 0:04:31]} Kd4
{[%clk 0:00:52]} 97. Nb6 {[%clk 0:04:30]} Kc3 {[%clk 0:01:07]} 98. Nc8
{[%clk 0:04:43]} Kc4 {[%clk 0:00:33]} 99. Ne7 {[%clk 0:05:09]} Kb5
{[%clk 0:00:40]} 100. Nf5 {[%clk 0:05:31]} Ka6 {[%clk 0:00:41]} 101. Nd6
{[%clk 0:05:16]} Ka7 {[%clk 0:00:36]} 102. Kb2 {[%clk 0:05:42]} Kb8
{[%clk 0:00:40]} 103. Kc3 {[%clk 0:06:07]} Kc7 {[%clk 0:00:47]} 104. Kd4
{[%clk 0:06:34]} Kd7 {[%clk 0:00:35]} 105. Ke5 {[%clk 0:06:59]} Ke7
{[%clk 0:00:43]} 106. Nf5+ {[%clk 0:07:24]} Kd7 {[%clk 0:01:12]} 107. Kf6 Bf3
{[%clk 0:01:06]} 108. Ne3 {[%clk 0:08:07]} Be2 {[%clk 0:01:31]} 109. Nf5
{[%clk 0:07:20]} Bd3 {[%clk 0:01:08]} 110. Nd6 {[%clk 0:07:46]} Bf1
{[%clk 0:00:38]} 111. Nf7 {[%clk 0:08:00]} Bg2 {[%clk 0:00:37]} 112. Ne5+
{[%clk 0:08:25]} Kc7 {[%clk 0:01:02]} 113. Ke7 {[%clk 0:08:15]} Be4
{[%clk 0:00:52]} 114. Nf7 {[%clk 0:07:52]} Bf3 {[%clk 0:00:44]} 115. Nd6
{[%clk 0:08:10]} Bg2 {[%clk 0:00:55]} 116. Ne8+ {[%clk 0:08:35]} Kb7
{[%clk 0:01:05]} 117. Nd6+ {[%clk 0:06:59]} Kc7 {[%clk 0:01:07]} 118. Ne8+
{[%clk 0:07:23]} Kb7 {[%clk 0:01:36]} 119. Kd7 {[%clk 0:07:27]} Bh3+
{[%clk 0:01:17]} 120. Kd8 {[%clk 0:07:10]} Bg2 {[%clk 0:01:29]} 121. Nd6+
{[%clk 0:06:46]} Kb8 {[%clk 0:01:40]} 122. Kd7 {[%clk 0:06:29]} Bd5
{[%clk 0:01:58]} 123. Nc8 {[%clk 0:04:52]} Kb7 124. Nd6+ {[%clk 0:03:56]} Kb8
{[%clk 0:02:24]} 125. Nf5 {[%clk 0:04:21]} Kb7 {[%clk 0:01:07]} 126. Nd4
{[%clk 0:04:46]} Bg2 {[%clk 0:00:51]} 127. Kd6 {[%clk 0:05:03]} Be4
{[%clk 0:00:42]} 128. Ne2 {[%clk 0:02:07]} Bd3 {[%clk 0:00:36]} 129. Nc3
{[%clk 0:02:30]} Bf5 {[%clk 0:00:34]} 130. b5 {[%clk 0:00:42]} cxb5
{[%clk 0:00:55]} 131. c6+ {[%clk 0:01:09]} Kb6 {[%clk 0:00:37]} 132. Nd5+
{[%clk 0:01:18]} Ka5 {[%clk 0:00:36]} 133. c7 {[%clk 0:01:07]} Bc8
{[%clk 0:00:38]} 134. Ne7 {[%clk 0:01:26]} Ba6 {[%clk 0:00:35]} 135. Nc6+
{[%clk 0:00:54]} Ka4 {[%clk 0:00:35]} 136. Kc5 {[%clk 0:00:58]} Bc8
{[%clk 0:00:41]} 137. Na7 {[%clk 0:01:22]} Bd7 {[%clk 0:00:35]} 138. Nxb5
{[%clk 0:01:47]} Ka5 {[%clk 0:01:00]} 139. Kd6 Bg4 {[%clk 0:01:01]} 140. Kc6
{[%clk 0:01:11]} Bf3+ {[%clk 0:00:59]} 141. Kc5 {[%clk 0:01:30]} Bb7
{[%clk 0:00:57]} 142. Nd6 {[%clk 0:00:50]} Ka6 {[%clk 0:01:18]} 143. Ne4
{[%clk 0:01:01]} Bc8 {[%clk 0:00:45]} 144. Kc6 {[%clk 0:00:55]} Ka7
{[%clk 0:01:01]} 145. Nc3 {[%clk 0:01:03]} Ka8 {[%clk 0:01:21]} 146. Nb5
{[%clk 0:01:11]} Bb7+ {[%clk 0:01:28]} 147. Kb6 {[%clk 0:01:11]} Ba6
{[%clk 0:01:37]} 148. Nd6 {[%clk 0:01:00]} Bb7 {[%clk 0:01:54]} 149. Ne4
{[%clk 0:01:21]} Bc8 150. Nc5 {[%clk 0:01:42]} Bb7 {[%clk 0:01:54]} 151. Na4 Bc8
{[%clk 0:01:08]} 152. Kc6 {[%clk 0:02:08]} Ka7 {[%clk 0:01:15]} 153. Nc3
{[%clk 0:02:20]} Ka8 {[%clk 0:00:57]} 154. Nb5 {[%clk 0:02:45]} Ba6
{[%clk 0:01:10]} 155. Nd6 {[%clk 0:02:57]} Bc8 {[%clk 0:01:25]} 156. Nb5
{[%clk 0:02:57]} Bb7+ {[%clk 0:01:39]} 157. Kd7 {[%clk 0:03:13]} Bc8+
{[%clk 0:01:36]} 158. Kd8 {[%clk 0:03:39]} Ba6 {[%clk 0:01:27]} 159. Nc3
{[%clk 0:03:40]} Ka7 {[%clk 0:01:49]} 160. Na4 {[%clk 0:04:02]} Bb7
{[%clk 0:00:39]} 161. Nc5 {[%clk 0:04:26]} 1-0

[Event "wyco2016"]
[Site "?"]
[Date "2016.07.23"]
[Round "2.11"]
[White "Injac, Teodora"]
[Black "Levitskiy, Andrey"]
[Result "1/2-1/2"]
[BlackElo "2074"]
[WhiteElo "2215"]
[LiveChessVersion "1.4.6"]

1. Nf3 {[%clk 1:30:56]} c5 {[%clk 1:30:42]} 2. c4 {[%clk 1:31:11]} g6
{[%clk 1:30:51]} 3. d4 {[%clk 1:31:07]} cxd4 {[%clk 1:31:06]} 4. Nxd4
{[%clk 1:31:21]} Nc6 {[%clk 1:31:17]} 5. e4 {[%clk 1:31:05]} Nf6 {[%clk 1:31:24]}
6. Nc3 {[%clk 1:31:24]} d6 {[%clk 1:31:42]} 7. Be2 {[%clk 1:31:30]} Nxd4
{[%clk 1:31:09]} 8. Qxd4 {[%clk 1:31:57]} Bg7 {[%clk 1:31:29]} 9. Be3
{[%clk 1:32:02]} O-O {[%clk 1:31:26]} 10. Qd2 {[%clk 1:31:47]} Be6
{[%clk 1:31:32]} 11. f3 {[%clk 1:13:21]} Qa5 {[%clk 1:31:53]} 12. Nb5
{[%clk 1:10:54]} Qxd2+ {[%clk 1:28:54]} 13. Kxd2 {[%clk 1:11:20]} a6
{[%clk 1:28:52]} 14. Nc7 {[%clk 1:03:24]} Rac8 {[%clk 1:29:06]} 15. Nxe6
{[%clk 1:00:35]} fxe6 {[%clk 1:29:27]} 16. Rac1 {[%clk 0:48:59]} Nd7
{[%clk 1:26:42]} 17. b3 {[%clk 0:49:04]} Kf7 {[%clk 1:24:00]} 18. g3
{[%clk 0:44:43]} Rfd8 {[%clk 1:16:41]} 19. h4 {[%clk 0:40:09]} Nf6
{[%clk 1:15:48]} 20. Bd3 {[%clk 0:30:04]} Rc6 {[%clk 1:06:13]} 21. Ke2
{[%clk 0:29:23]} Rdc8 {[%clk 0:45:37]} 22. g4 {[%clk 0:27:40]} Nd7
{[%clk 0:43:21]} 23. f4 {[%clk 0:22:56]} Nc5 {[%clk 0:43:36]} 24. Bb1
{[%clk 0:20:34]} b5 {[%clk 0:42:45]} 25. cxb5 {[%clk 0:20:03]} axb5
{[%clk 0:43:10]} 26. h5 {[%clk 0:19:57]} Na6 {[%clk 0:26:50]} 27. Rxc6
{[%clk 0:17:25]} Rxc6 {[%clk 0:27:15]} 28. hxg6+ {[%clk 0:10:52]} hxg6
{[%clk 0:27:42]} 29. Rc1 {[%clk 0:10:25]} Rxc1 {[%clk 0:26:15]} 30. Bxc1
{[%clk 0:10:54]} Nc5 {[%clk 0:26:00]} 31. Be3 {[%clk 0:10:36]} Bc3
{[%clk 0:24:41]} 32. Bd3 {[%clk 0:08:56]} Nxd3 {[%clk 0:22:58]} 33. Kxd3
{[%clk 0:09:18]} Ba5 {[%clk 0:23:10]} 34. Bd4 {[%clk 0:08:45]} Ke8
{[%clk 0:21:52]} 35. Bf2 {[%clk 0:06:17]} Kd7 {[%clk 0:20:18]} 36. Bh4
{[%clk 0:06:20]} d5 {[%clk 0:18:34]} 37. Bf2 {[%clk 0:03:08]} Bb4
{[%clk 0:17:33]} 38. Ba7 {[%clk 0:02:25]} 1/2-1/2

[Event "wyco2016"]
[Site "?"]
[Date "2016.07.23"]
[Round "2.12"]
[White "Krasnokutskaya, Sofiya"]
[Black "Omorjan, Dejan"]
[Result "1/2-1/2"]
[BlackElo "2201"]
[WhiteElo "2138"]
[LiveChessVersion "1.4.6"]

1. e4 {[%clk 1:30:57]} c5 {[%clk 1:30:57]} 2. Nf3 {[%clk 1:31:24]} d6
{[%clk 1:31:10]} 3. d4 {[%clk 1:31:50]} cxd4 {[%clk 1:31:33]} 4. Nxd4
{[%clk 1:32:16]} Nf6 {[%clk 1:31:52]} 5. Nc3 {[%clk 1:32:41]} a6 {[%clk 1:32:14]}
6. Rg1 {[%clk 1:32:59]} e5 {[%clk 1:28:18]} 7. Nb3 {[%clk 1:33:20]} Be6
{[%clk 1:25:14]} 8. g4 {[%clk 1:33:18]} d5 {[%clk 1:20:06]} 9. exd5
{[%clk 1:33:41]} Nxd5 {[%clk 1:20:07]} 10. Nxd5 {[%clk 1:34:05]} Bxd5
{[%clk 1:17:05]} 11. c4 {[%clk 1:28:48]} Be6 {[%clk 1:09:57]} 12. Qxd8+
{[%clk 1:29:11]} Kxd8 {[%clk 1:10:20]} 13. Bg5+ {[%clk 1:21:13]} f6
{[%clk 1:08:36]} 14. O-O-O+ {[%clk 1:21:38]} Kc7 {[%clk 1:07:14]} 15. Be3
{[%clk 1:20:57]} Nc6 {[%clk 1:04:10]} 16. Nc5 {[%clk 1:10:10]} Bxc5
{[%clk 0:58:17]} 17. Bxc5 {[%clk 1:10:34]} Rad8 {[%clk 0:56:56]} 18. Be2
{[%clk 1:08:16]} Bf7 {[%clk 0:51:40]} 19. b3 {[%clk 0:58:23]} Bg6
{[%clk 0:48:23]} 20. Bf3 {[%clk 0:50:41]} e4 {[%clk 0:41:52]} 21. Be2
{[%clk 0:45:50]} Ne5 {[%clk 0:39:26]} 22. Be3 {[%clk 0:41:31]} Kc6
{[%clk 0:30:23]} 23. Kc2 {[%clk 0:37:48]} Rhe8 {[%clk 0:26:02]} 24. Kc3
{[%clk 0:34:24]} Nf3 {[%clk 0:19:14]} 25. Bxf3 {[%clk 0:25:26]} exf3
{[%clk 0:19:36]} 26. Rge1 {[%clk 0:18:20]} h6 {[%clk 0:14:30]} 27. Rxd8
{[%clk 0:15:26]} Rxd8 {[%clk 0:14:48]} 28. Bd4 {[%clk 0:15:49]} 1/2-1/2

[Event "wyco2016"]
[Site "?"]
[Date "2016.07.23"]
[Round "2.13"]
[White "Miesbauer, Jan"]
[Black "Raghunandan, Kaumandur Srihari"]
[Result "0-1"]
[BlackElo "2403"]
[WhiteElo "2321"]
[LiveChessVersion "1.4.6"]

1. Nf3 {[%clk 1:30:55]} Nf6 {[%clk 1:30:22]} 2. d4 {[%clk 1:30:37]} g6
{[%clk 1:30:34]} 3. c4 {[%clk 1:29:55]} Bg7 {[%clk 1:30:57]} 4. Nc3
{[%clk 1:29:51]} O-O {[%clk 1:31:10]} 5. g3 {[%clk 1:28:51]} d6 {[%clk 1:28:58]}
6. Bg2 {[%clk 1:28:54]} Nc6 {[%clk 1:28:05]} 7. d5 {[%clk 1:23:24]} Na5
{[%clk 1:28:16]} 8. Qd3 {[%clk 1:19:17]} c5 {[%clk 1:24:07]} 9. O-O
{[%clk 1:16:54]} b5 {[%clk 1:10:54]} 10. cxb5 {[%clk 1:05:15]} a6
{[%clk 1:11:18]} 11. b6 {[%clk 0:58:35]} Qxb6 {[%clk 1:11:31]} 12. Rb1
{[%clk 0:49:53]} Rb8 {[%clk 1:07:39]} 13. b3 {[%clk 0:47:29]} Bd7
{[%clk 0:57:51]} 14. Nd2 {[%clk 0:41:04]} Ng4 {[%clk 0:55:52]} 15. Bb2
{[%clk 0:39:41]} Rfc8 {[%clk 0:50:03]} 16. h3 {[%clk 0:33:28]} c4
{[%clk 0:49:09]} 17. Nxc4 {[%clk 0:23:02]} Nxc4 {[%clk 0:49:14]} 18. bxc4
{[%clk 0:23:22]} Ne5 {[%clk 0:49:10]} 19. Qd1 {[%clk 0:19:22]} Nxc4
{[%clk 0:49:13]} 20. Ba1 {[%clk 0:18:43]} Qa5 {[%clk 0:48:07]} 21. Rxb8
{[%clk 0:16:06]} Rxb8 {[%clk 0:48:30]} 22. Qc2 {[%clk 0:15:37]} Rc8
{[%clk 0:46:01]} 23. Qd3 {[%clk 0:11:58]} Qa3 {[%clk 0:36:45]} 24. Rb1
{[%clk 0:09:06]} Ne5 {[%clk 0:33:22]} 25. Qd2 {[%clk 0:07:31]} Bf5
{[%clk 0:33:35]} 26. Rb3 {[%clk 0:05:36]} Qc5 {[%clk 0:30:59]} 27. e4
{[%clk 0:04:14]} Bxh3 {[%clk 0:30:00]} 28. Kh2 {[%clk 0:02:04]} Bd7
{[%clk 0:28:15]} 29. f3 {[%clk 0:01:02]} Nc4 {[%clk 0:27:58]} 30. Qd3
{[%clk 0:00:43]} Qf2 {[%clk 0:26:36]} 31. Nd1 {[%clk 0:00:36]} Qxa2
{[%clk 0:26:47]} 32. Bxg7 {[%clk 0:00:37]} Kxg7 {[%clk 0:27:10]} 33. Kg1
{[%clk 0:00:32]} Ne5 {[%clk 0:27:20]} 0-1

[Event "wyco2016"]
[Site "?"]
[Date "2016.07.23"]
[Round "2.14"]
[White "Iniyan, P"]
[Black "Anaskin, Arsenij"]
[Result "1-0"]
[BlackElo "2139"]
[WhiteElo "2346"]
[LiveChessVersion "1.4.6"]

1. d4 {[%clk 1:30:31]} f5 {[%clk 1:30:55]} 2. c4 {[%clk 1:30:47]} Nf6
{[%clk 1:31:15]} 3. g3 {[%clk 1:31:11]} g6 {[%clk 1:31:40]} 4. Bg2
{[%clk 1:31:37]} Bg7 {[%clk 1:32:05]} 5. Nf3 {[%clk 1:32:03]} O-O
{[%clk 1:32:26]} 6. O-O {[%clk 1:32:30]} d6 {[%clk 1:32:52]} 7. Nc3
{[%clk 1:32:01]} h6 {[%clk 1:32:39]} 8. b3 {[%clk 1:27:39]} c6 {[%clk 1:32:15]}
9. Bb2 {[%clk 1:27:53]} Qe8 {[%clk 1:32:26]} 10. Qc2 {[%clk 1:05:00]} g5
{[%clk 1:26:52]} 11. e4 {[%clk 1:01:49]} f4 {[%clk 1:20:42]} 12. e5
{[%clk 1:01:27]} Nh7 {[%clk 1:13:56]} 13. exd6 {[%clk 1:01:18]} exd6
{[%clk 1:12:06]} 14. Rfe1 {[%clk 1:01:40]} Qh5 {[%clk 1:06:14]} 15. Ne4
{[%clk 0:47:21]} Bg4 {[%clk 0:55:21]} 16. Nfd2 {[%clk 0:43:02]} d5
{[%clk 0:28:25]} 17. Nc5 {[%clk 0:31:27]} f3 {[%clk 0:23:05]} 18. Bf1
{[%clk 0:30:43]} Bf5 {[%clk 0:22:57]} 19. Bd3 {[%clk 0:22:23]} g4
{[%clk 0:22:11]} 20. Bxf5 {[%clk 0:22:34]} Rxf5 {[%clk 0:22:16]} 21. Qd3
{[%clk 0:22:33]} Ng5 {[%clk 0:19:57]} 22. h4 {[%clk 0:21:19]} Nh3+
{[%clk 0:15:40]} 23. Kf1 {[%clk 0:21:39]} Nf4 {[%clk 0:09:49]} 24. Qe3
{[%clk 0:20:07]} Na6 {[%clk 0:05:58]} 25. Nxa6 {[%clk 0:19:10]} bxa6
{[%clk 0:06:13]} 26. cxd5 {[%clk 0:16:57]} cxd5 {[%clk 0:06:41]} 27. Rac1
{[%clk 0:17:02]} Rf7 {[%clk 0:02:21]} 28. Rc5 {[%clk 0:15:20]} Ne2
{[%clk 0:00:42]} 29. Qe6 {[%clk 0:15:27]} Rd8 {[%clk 0:00:57]} 30. Rc7
{[%clk 0:15:08]} Rdf8 {[%clk 0:00:52]} 31. Rxa7 {[%clk 0:12:14]} Kh8
{[%clk 0:01:11]} 32. Rxf7 {[%clk 0:11:44]} Rxf7 {[%clk 0:01:40]} 33. Nb1
{[%clk 0:10:17]} Rf6 {[%clk 0:01:27]} 34. Qc8+ {[%clk 0:10:37]} Rf8
{[%clk 0:01:53]} 35. Qc2 {[%clk 0:10:45]} Qf5 {[%clk 0:01:01]} 36. Qxf5
{[%clk 0:10:05]} Rxf5 {[%clk 0:01:29]} 37. Rd1 {[%clk 0:10:01]} Rf8
{[%clk 0:01:37]} 38. Nc3 {[%clk 0:10:02]} Nxc3 {[%clk 0:01:20]} 39. Bxc3
{[%clk 0:10:26]} Rc8 {[%clk 0:01:31]} 40. Rd3 {[%clk 0:10:51]} h5
{[%clk 0:01:41]} 41. Ke1 {[%clk 0:09:21]} Kg8 {[%clk 0:01:54]} 42. Kd1
{[%clk 0:09:24]} Re8 {[%clk 0:01:46]} 43. a4 {[%clk 0:09:22]} Re2
{[%clk 0:02:01]} 44. Rd2 {[%clk 0:09:46]} Re6 {[%clk 0:02:17]} 45. b4
{[%clk 0:09:48]} Rc6 {[%clk 0:02:18]} 46. Kc2 {[%clk 0:10:01]} Kf7
{[%clk 0:02:20]} 47. Kd3 {[%clk 0:10:22]} Bf8 {[%clk 0:01:34]} 48. Rb2
{[%clk 0:10:36]} Rb6 {[%clk 0:01:34]} 49. b5 {[%clk 0:11:00]} axb5
{[%clk 0:01:56]} 50. axb5 {[%clk 0:11:24]} Ke8 {[%clk 0:02:10]} 51. Ba5
{[%clk 0:11:45]} Rb7 {[%clk 0:02:28]} 52. Kc3 {[%clk 0:10:30]} Be7
{[%clk 0:02:19]} 53. Bb4 {[%clk 0:10:29]} Bxb4+ {[%clk 0:01:51]} 54. Kxb4
{[%clk 0:09:48]} Re7 {[%clk 0:01:58]} 55. b6 {[%clk 0:09:06]} Kd7
{[%clk 0:01:44]} 56. Rc2 {[%clk 0:09:25]} Re2 {[%clk 0:01:54]} 57. Kb3
{[%clk 0:09:45]} Re6 {[%clk 0:01:18]} 58. Rc7+ {[%clk 0:09:04]} Kd8
{[%clk 0:01:45]} 59. Rh7 {[%clk 0:08:59]} Rxb6+ {[%clk 0:02:09]} 60. Kc3
{[%clk 0:09:25]} Re6 {[%clk 0:02:03]} 61. Rxh5 {[%clk 0:09:48]} Re2
{[%clk 0:02:28]} 62. Rxd5+ {[%clk 0:10:12]} Kc7 {[%clk 0:02:48]} 63. Rg5
{[%clk 0:10:23]} Rxf2 {[%clk 0:03:11]} 64. Rxg4 {[%clk 0:10:37]} Rg2
{[%clk 0:02:51]} 65. Kd3 {[%clk 0:11:00]} Kd6 {[%clk 0:01:54]} 66. Ke3
{[%clk 0:11:16]} f2 {[%clk 0:02:14]} 67. Ke2 {[%clk 0:11:41]} Kd5
{[%clk 0:02:27]} 68. Kf1 {[%clk 0:10:35]} Rh2 {[%clk 0:02:56]} 69. Rf4 1-0

[Event "wyco2016"]
[Site "?"]
[Date "2016.07.23"]
[Round "2.15"]
[White "Jelinek, Michal"]
[Black "Vaishali, R"]
[Result "0-1"]
[BlackElo "2288"]
[WhiteElo "2176"]
[LiveChessVersion "1.4.6"]

1. d4 {[%clk 1:30:29]} Nf6 {[%clk 1:30:36]} 2. c4 {[%clk 1:30:47]} Nc6
{[%clk 1:31:00]} 3. Nc3 {[%clk 1:30:24]} e5 {[%clk 1:31:09]} 4. dxe5
{[%clk 1:24:26]} Nxe5 {[%clk 1:31:29]} 5. e3 {[%clk 1:23:42]} Bc5
{[%clk 1:24:27]} 6. Be2 {[%clk 1:22:12]} O-O {[%clk 1:22:27]} 7. Nf3
{[%clk 1:22:24]} Re8 {[%clk 1:22:14]} 8. O-O {[%clk 1:20:45]} d6 {[%clk 1:20:32]}
9. a3 {[%clk 1:19:23]} a5 {[%clk 1:19:36]} 10. b3 {[%clk 1:16:44]} Ng6
{[%clk 1:12:42]} 11. Bb2 {[%clk 1:14:01]} Ng4 {[%clk 1:04:00]} 12. Nd4
{[%clk 0:53:21]} Qh4 {[%clk 0:52:00]} 13. Nf3 {[%clk 0:42:40]} Qh6
{[%clk 0:36:02]} 14. Nd5 {[%clk 0:32:36]} c6 {[%clk 0:18:48]} 15. Nc7
{[%clk 0:21:06]} Rxe3 16. fxe3 {[%clk 0:17:40]} Nxe3 {[%clk 0:13:18]} 17. Qc1
{[%clk 0:17:13]} Nf4 {[%clk 0:11:10]} 18. Re1 {[%clk 0:10:52]} Ng4+
{[%clk 0:09:28]} 19. Kh1 {[%clk 0:06:11]} Qxh2+ {[%clk 0:09:42]} 20. Nxh2
{[%clk 0:06:03]} Nf2+ {[%clk 0:10:10]} 21. Kg1 {[%clk 0:05:43]} Ne4+
{[%clk 0:10:38]} 0-1